Statistics for Liverpool starting 11 and subs

Click here to take the quiz!

General Stats

  • This quiz has been taken 63 times
  • The average score is 13 of 16

Answer Stats

PositionAnswer% Correct
GKAlisson
100%
RWMohammed salah
98%
CBVirgil Van dijk
98%
LBAndrew Robertson
94%
STSadio Mane
94%
CDMJordan Henderson
93%
RBTrent Alexander-Arnold
93%
CBJoel matip
89%
CMThiago
87%
LWDiogo Jota
85%
CDMFabinho
85%
SUBRoberto firmino
85%
SUBJames Milner
61%
SUBNaby Keita
57%
SUBKostas Tsimikas
44%
SUBCaoimhin Kelleher
37%

Score Distribution

Percentile by Number Answered

Percent of People with Each Score

Your Score History

You have not taken this quiz